| 000 -NÁVESTIE |
| fixed length control field |
01109nam a2200289 a 4500 |
| 008 - ÚDAJE S PEVNOU DĹŽKOU – VŠEOBECNÉ INFORMÁCIE |
| fixed length control field |
970505s1997 m yxo r 0 slo c |
| 020 ## - MEDZINÁRODNÉ ŠTANDARDNÉ ČÍSLO KNIHY (ISBN) |
| Medzinárodné štandardné číslo knihy (ISBN) |
8071183709 |
| Údaje o dostupnosti |
49 |
| 040 ## - ZDROJ KATALOGIZÁCIE |
| Pôvodná katalogizujúca agentúra |
SNK |
| Jazyk katalogizácie |
slo |
| Prepisujúca agentúra |
SNK |
| Konvencie popisu |
AACR2 |
| 041 1# - KÓD JAZYKA |
| Kód jazyka textu/zvukovej stopy alebo samostatných nápisov |
slo |
| Kód jazyka originálu a/alebo sprostredkujúcich prekladov textu |
ger |
| 044 ## - KÓD KRAJINY VYDAVATEĽA/PRODUCENTA |
| Kód krajiny MARC |
xo |
| Kód krajiny ISO |
SK |
| 080 ## - ČÍSLO MEDZINÁRODNÉHO DESATINNÉHO TRIEDENIA (MDT) |
| Číslo Medzinárodného desatinného triedenia (MDT) |
730.02(035) |
| 100 1# - OSOBNÉ MENÁ – VŠEOBECNÉ INFORMÁCIE |
| Osobné meno |
Lang, Josef |
| Dátumy súvisiace s menom |
1947- |
| Kód roly |
aut |
| -- |
pht |
| 240 10 - UNIFIKOVANÝ NÁZOV |
| Unifikovaný názov |
Kleinplastiken modellieren für Einsteiger |
| Jazyk diela |
Slovensky |
| 245 10 - NÁZOV |
| Názov |
Úvod do sochárstva |
| Zvyšok názvu |
malé plastiky z hliny : techniky a návody na 150 obrázkoch |
| Údaj o zodpovednosti atď. |
Josef Lang ; [z nemeckého originálu preložila Ľudmila Strukelyová] |
| 260 ## - VYDAVATEĽSKÉ ÚDAJE, DISTRIBÚCIA ATĎ. |
| Miesto publikovania, distribúcie atď. |
Bratislava |
| Názov vydavateľa, distibútora atď. |
IKAR |
| Dátum publikovania, distribúcie atď. |
1997 |
| 300 ## - FYZICKÝ POPIS |
| Rozsah |
79 s. |
| Ďalšie fyzické detaily |
fotogr. |
| Rozmery |
27 cm |
| 500 ## - VŠEOBECNÁ POZNÁMKA |
| Formátovaná poznámka o obsahu |
Rozlož. fotogr. na tit. strane |
| 500 ## - VŠEOBECNÁ POZNÁMKA |
| Formátovaná poznámka o obsahu |
Údaj o prekl. prevzatý z tiráže |
| 500 ## - VŠEOBECNÁ POZNÁMKA |
| Formátovaná poznámka o obsahu |
Fotogr. Annette Hempflingová, Josef Lang |
| 504 ## - |
| -- |
Odborné termíny |
| 650 07 - PRIDANÝ VSTUP – PREDMET – TEMATICKÉ HESLO |
| Tematické heslo alebo geografický názov ako vstupný prvok |
sochárstvo |
| Všeobecný pododdiel |
modelovanie |
| -- |
príručky |
| Zdroj hesla alebo termínu |
SNK |
| 700 1# - PRIDANÝ VSTUP – OSOBNÉ MENO |
| Osobné meno |
Strukelyová, Ľudmila |
| Kód roly |
trl |
| 700 1# - PRIDANÝ VSTUP – OSOBNÉ MENO |
| Osobné meno |
Hempfling, Annette |
| Kód roly |
pht |
| 730 ## - |
| -- |
Kleinplastiken modellieren für Einsteiger |
| 765 0# - VÄZBA NA PÔVODNÝ JAZYK |
| Názov |
Kleinplastiken modellieren für Einsteiger |
| Záhlavie hlavného vstupu |
Lang, Josef, 1947- |
| 958 ## - Formálny deskriptor |
| Formálny deskriptor |
APP |